[Event "CZE-ch U14"]
[Site "Sec u Chrudimi"]
[Date "2008.10.28"]
[Round "4"]
[White "Ryc, Tomas"]
[Black "Pospisil, Martin"]
[Result "1/2-1/2"]
[WhiteElo "1442"]
[BlackElo "1819"]
[PlyCount "25"]
[EventDate "2008.10.25"]
[EventType "swiss"]
[EventRounds "9"]
[EventCountry "CZE"]
[SourceTitle "EXT 2022"]
[Source "ChessBase"]
[SourceDate "2021.10.06"]
[SourceVersion "1"]
[SourceVersionDate "2021.10.06"]
[SourceQuality "1"]

1. e4 c5 2. Nf3 d6 3. Bc4 g6 4. d4 cxd4 5. Qxd4 Nf6 6. Nc3 Nc6 7. Bb5 Bd7 8. Qc4 Rc8 9. Ng5 Ne5 10. Bxd7+ Qxd7 11. Qb3 h6 12. f4 hxg5 13. fxg5 1/2-1/2